000 01260nam a2200217Ia 4500
003 Ost
005 20260416102359.0
008 260416s9999||||xx |||||||||||||| ||und||
040 _cfsecg
041 _aara
082 _a658.15
100 _aبن قراب، صفية
_eمؤلف
245 0 _aالهندسة المالية :
_bموجهة لطلبة السنة الاثالثة ليسانس: تخصص: محاسبة و مالية /
_c صفية بن قراب
260 _aالجزائر
_bجامعة الجزائر3: كلية العلوم الإقتصادية، العلوم التجارية وعلوم التسيير
_c2022
300 _a108 ورقة
_bايضاحات
_c30 سم
504 _aالمراجع ص.101
520 _aمدخل الى الهندسة المالية ، الاسواق المالية ، تشخيص و تقييم المؤسسات ، المشتقات المالية التوريق ، الاندماج و الاستحواد و اعادة الهيكلة ، الهندسة المالية الاسلامية .
653 _aالادارة المالية
710 _aجامعة الجزائر3: كلية العلوم الإقتصادية، العلوم التجارية وعلوم التسيير
_eناشر علمي
942 _cHANDOUT
999 _c41341
_d41341